<?xml version="1.0" encoding="UTF-8"?>
<record
    xmlns:xsi="http://www.w3.org/2001/XMLSchema-instance"
    xsi:schemaLocation="http://www.loc.gov/MARC21/slim http://www.loc.gov/standards/marcxml/schema/MARC21slim.xsd"
    xmlns="http://www.loc.gov/MARC21/slim">

  <leader>01621nam0a2200373   4500</leader>
  <controlfield tag="001">RU\NLR\bibl\1831504</controlfield>
  <controlfield tag="005">20260406024048.0</controlfield>
  <datafield tag="010" ind1=" " ind2=" ">
    <subfield code="a">978-5-4357-0028-2</subfield>
    <subfield code="9">16050</subfield>
  </datafield>
  <datafield tag="021" ind1=" " ind2=" ">
    <subfield code="a">RU</subfield>
    <subfield code="b">2011-82487</subfield>
    <subfield code="9">5882</subfield>
  </datafield>
  <datafield tag="035" ind1=" " ind2=" ">
    <subfield code="a">(nilc)RSL-KNO-005063563</subfield>
  </datafield>
  <datafield tag="035" ind1=" " ind2=" ">
    <subfield code="a">(NLR Aleph) 001822005</subfield>
  </datafield>
  <datafield tag="090" ind1=" " ind2=" ">
    <subfield code="a">2018848</subfield>
    <subfield code="c">2018848</subfield>
  </datafield>
  <datafield tag="100" ind1=" " ind2=" ">
    <subfield code="a">20111024d2011    |||y0rusy50      ca</subfield>
  </datafield>
  <datafield tag="101" ind1="1" ind2=" ">
    <subfield code="a">rus</subfield>
    <subfield code="c">eng</subfield>
  </datafield>
  <datafield tag="102" ind1=" " ind2=" ">
    <subfield code="a">RU</subfield>
  </datafield>
  <datafield tag="105" ind1=" " ind2=" ">
    <subfield code="a">a   |||||||||</subfield>
  </datafield>
  <datafield tag="200" ind1="1" ind2=" ">
    <subfield code="a">&#x414;&#x43E;&#x43C;&#x430;&#x448;&#x43D;&#x44F;&#x44F; &#x43E;&#x440;&#x430;&#x43D;&#x436;&#x435;&#x440;&#x435;&#x44F;</subfield>
    <subfield code="e">[&#x438;&#x43B;&#x43B;&#x44E;&#x441;&#x442;&#x440;&#x438;&#x440;&#x43E;&#x432;&#x430;&#x43D;&#x43D;&#x44B;&#x439; &#x441;&#x43F;&#x440;&#x430;&#x432;&#x43E;&#x447;&#x43D;&#x438;&#x43A;]</subfield>
    <subfield code="f">&#x440;&#x435;&#x434;. &#x41A;&#x44D;&#x440;&#x438; &#x422;&#x43E;&#x43C;&#x430;&#x441;</subfield>
    <subfield code="g">[&#x43F;&#x435;&#x440;. &#x441; &#x430;&#x43D;&#x433;&#x43B;. &#x41D;. &#x413;&#x430;&#x431;&#x440;&#x438;&#x435;&#x43B;&#x44F;&#x43D;</subfield>
    <subfield code="g">&#x43D;&#x430;&#x443;&#x447;. &#x440;&#x435;&#x434;.: &#x43A;.&#x431;.&#x43D;. &#x418;.&#x410;. &#x41F;&#x430;&#x443;&#x442;&#x43E;&#x432;&#x430;]</subfield>
  </datafield>
  <datafield tag="210" ind1=" " ind2=" ">
    <subfield code="a">&#x421;&#x430;&#x43D;&#x43A;&#x442;-&#x41F;&#x435;&#x442;&#x435;&#x440;&#x431;&#x443;&#x440;&#x433;</subfield>
    <subfield code="c">&#x41F;&#x435;&#x442;&#x440;&#x43E;&#x433;&#x43B;&#x438;&#x444;</subfield>
    <subfield code="c">&#x41C;&#x43E;&#x441;&#x43A;&#x43E;&#x432;&#x441;&#x43A;&#x438;&#x439; &#x43A;&#x43E;&#x43C;&#x441;&#x43E;&#x43C;&#x43E;&#x43B;&#x435;&#x446;</subfield>
    <subfield code="d">2011</subfield>
  </datafield>
  <datafield tag="215" ind1=" " ind2=" ">
    <subfield code="a">63 &#x441;.</subfield>
    <subfield code="c">&#x446;&#x432;. &#x438;&#x43B;.</subfield>
    <subfield code="d">25</subfield>
  </datafield>
  <datafield tag="225" ind1="1" ind2=" ">
    <subfield code="a">&#x41D;&#x430;&#x448; &#x441;&#x430;&#x434;</subfield>
    <subfield code="v">28</subfield>
  </datafield>
  <datafield tag="606" ind1="1" ind2=" ">
    <subfield code="a">&#x41A;&#x43E;&#x43D;&#x442;&#x435;&#x439;&#x43D;&#x435;&#x440;&#x43D;&#x43E;&#x435; &#x440;&#x430;&#x441;&#x442;&#x435;&#x43D;&#x438;&#x435;&#x432;&#x43E;&#x434;&#x441;&#x442;&#x432;&#x43E; &#x434;&#x435;&#x43A;&#x43E;&#x440;&#x430;&#x442;&#x438;&#x432;&#x43D;&#x43E;&#x435;</subfield>
    <subfield code="j">&#x421;&#x43F;&#x440;&#x430;&#x432;&#x43E;&#x447;&#x43D;&#x438;&#x43A;&#x438;</subfield>
    <subfield code="x">&#x421;&#x435;&#x437;&#x43E;&#x43D;&#x43D;&#x44B;&#x435; &#x430;&#x441;&#x43F;&#x435;&#x43A;&#x442;&#x44B;</subfield>
    <subfield code="9">2100506</subfield>
    <subfield code="3">RU\NLR\auth\661574023</subfield>
  </datafield>
  <datafield tag="606" ind1="1" ind2=" ">
    <subfield code="a">&#x41A;&#x43E;&#x43C;&#x43D;&#x430;&#x442;&#x43D;&#x43E;&#x435; &#x446;&#x432;&#x435;&#x442;&#x43E;&#x432;&#x43E;&#x434;&#x441;&#x442;&#x432;&#x43E;</subfield>
    <subfield code="j">&#x421;&#x43F;&#x440;&#x430;&#x432;&#x43E;&#x447;&#x43D;&#x438;&#x43A;&#x438;</subfield>
    <subfield code="9">1344292</subfield>
    <subfield code="3">RU\NLR\auth\66560763</subfield>
  </datafield>
  <datafield tag="686" ind1=" " ind2=" ">
    <subfield code="a">&#x41F;273.2,0</subfield>
    <subfield code="2">rubbk</subfield>
  </datafield>
  <datafield tag="686" ind1=" " ind2=" ">
    <subfield code="a">&#x41F;145.9&#x44F;2</subfield>
  </datafield>
  <datafield tag="686" ind1=" " ind2=" ">
    <subfield code="a">&#x41F;274-455.5&#x44F;2</subfield>
  </datafield>
  <datafield tag="702" ind1=" " ind2="1">
    <subfield code="4">340</subfield>
    <subfield code="8">rus</subfield>
    <subfield code="7">ca</subfield>
    <subfield code="a">&#x422;&#x43E;&#x43C;&#x430;&#x441;</subfield>
    <subfield code="b">&#x41A;.</subfield>
    <subfield code="c">&#x440;&#x430;&#x441;&#x442;&#x435;&#x43D;&#x438;&#x435;&#x432;&#x43E;&#x434;</subfield>
    <subfield code="g">&#x41A;&#x44D;&#x440;&#x438;</subfield>
    <subfield code="3">RU\NLR\auth\77125617</subfield>
    <subfield code="9">108542</subfield>
  </datafield>
  <datafield tag="702" ind1=" " ind2="1">
    <subfield code="a">&#x41F;&#x430;&#x443;&#x442;&#x43E;&#x432;&#x430;</subfield>
    <subfield code="b">&#x418;. &#x410;.</subfield>
    <subfield code="g">&#x418;&#x440;&#x438;&#x43D;&#x430; &#x410;&#x43D;&#x430;&#x442;&#x43E;&#x43B;&#x44C;&#x435;&#x432;&#x43D;&#x430;</subfield>
    <subfield code="4">340</subfield>
  </datafield>
  <datafield tag="801" ind1=" " ind2="0">
    <subfield code="a">RU</subfield>
    <subfield code="b">RuMoRKP</subfield>
    <subfield code="c">20111024</subfield>
    <subfield code="g">rcr</subfield>
  </datafield>
  <datafield tag="801" ind1=" " ind2="1">
    <subfield code="a">RU</subfield>
    <subfield code="b">&#x420;&#x413;&#x411;</subfield>
    <subfield code="c">20111024</subfield>
  </datafield>
  <datafield tag="801" ind1=" " ind2="2">
    <subfield code="a">RU</subfield>
    <subfield code="b">NLR</subfield>
    <subfield code="c">20111110</subfield>
    <subfield code="g">rcr</subfield>
  </datafield>
  <datafield tag="942" ind1=" " ind2=" ">
    <subfield code="c">BOOK</subfield>
  </datafield>
  <datafield tag="980" ind1=" " ind2=" ">
    <subfield code="a">NB</subfield>
  </datafield>
  <datafield tag="980" ind1=" " ind2=" ">
    <subfield code="a">NBR</subfield>
  </datafield>
  <datafield tag="995" ind1=" " ind2=" ">
    <subfield code="5">2011-11-10</subfield>
    <subfield code="a">ad</subfield>
    <subfield code="b">NLR01</subfield>
    <subfield code="c">NLR01</subfield>
    <subfield code="e">RF8</subfield>
    <subfield code="f">1-2898861</subfield>
    <subfield code="k">2011-7/5822</subfield>
    <subfield code="o">0</subfield>
    <subfield code="r">BOOK</subfield>
    <subfield code="s">201175822_</subfield>
  </datafield>
  <datafield tag="995" ind1=" " ind2=" ">
    <subfield code="5">2011-11-10</subfield>
    <subfield code="a">ad</subfield>
    <subfield code="b">NLR01</subfield>
    <subfield code="c">NLR01</subfield>
    <subfield code="e">RF8</subfield>
    <subfield code="f">3528585</subfield>
    <subfield code="k">2011-7/5822</subfield>
    <subfield code="o">0</subfield>
    <subfield code="r">BOOK</subfield>
    <subfield code="s">201175822_</subfield>
  </datafield>
</record>
